000 00393cam a22001337a 4500
008 180718b2007 xxu||||| |||| 00| 0 eng d
082 _aA81x54 01/34A/A
100 _aCensus of India 2001
245 _aTamil Nadu: administrative atlas
260 _aDelhi
_bThe Controller of Publications
_c2007
300 _a378+p.
440 _aCensus of India 2001
650 _aTamil Nadu - Atlases - Census
999 _c482066
_d482066